000 00499nam a2200193 4500
001 13598
005 20230410130731.0
008 060907n1989 dr spa
020 _a0813812283
035 _9funglode13715
041 _aEN
050 1 4 _aPN 5118 M693n 1989
100 _aMoen, Daryl R
245 1 _aNewspaper layout and design :
_bworkbook /
_cDaryl R. Moen
250 _a2
260 _aIowa :
_bIowa State university press,
_c1989
300 _a285 p.
942 _2lcc
_cbk
999 _c79437
_d79437